Proteín neustále rastie
S trochou nadhľadu by sa dalo povedať, že to, čo je pre krátkodobý biznis dubajská čokoláda, je pre dlhodobý pridaný proteín. Ak dnes niekomu poriadne nefunguje biznis, stačí, aby do svojho výrobku pridal proteín, a úspech má zaručený. Všetko sa to začalo opatrne pudingmi obohatenými proteínom, ktor...
Salvato in:
| Autore principale: | |
|---|---|
| Natura: | Capitolo di libro |
| Lingua: | slovacco |
| Soggetti: | |
| Tags: |
Nessun Tag, puoi essere il primo ad aggiungerne!!
|
MARC
| LEADER | 00000naa a2200000 4500 | ||
|---|---|---|---|
| 001 | 0308198 | ||
| 005 | 20250417082101.1 | ||
| 041 | 0 | |a slo | |
| 044 | |a CZ | ||
| 245 | 1 | 0 | |a Proteín neustále rastie |c Peter Kapitán |
| 520 | |a S trochou nadhľadu by sa dalo povedať, že to, čo je pre krátkodobý biznis dubajská čokoláda, je pre dlhodobý pridaný proteín. Ak dnes niekomu poriadne nefunguje biznis, stačí, aby do svojho výrobku pridal proteín, a úspech má zaručený. Všetko sa to začalo opatrne pudingmi obohatenými proteínom, ktoré skúšalo len zopár odvážlivcov, no rýchlo sa z pridaných bielkovín v potravinách stal obrovský hit. A aktuálne čísla aj kroky výrobcov ukazujú, že tento trend rozhodne nie je na ústupe. | ||
| 610 | 2 | 0 | |a mlieko |
| 610 | 2 | 0 | |a výrobky živočíšne |
| 610 | 2 | 0 | |a výživa |
| 610 | 2 | 0 | |a štýl životný |
| 610 | 2 | 0 | |a tuky |
| 610 | 2 | 0 | |a potravinárstvo |
| 100 | 1 | |a Kapitán, Peter | |